000 00808nmm a2200289 a 4500
003 AR-BaBNM
005 20251128203053.0
008 216119s1973 ||||||||||||||000 | spa||
040 _cAR-BaBNM
100 1 _aWiman, Raymond V.
245 1 0 _aMaterial didáctico
_bideas prácticas para su desarrollo
250 _a1ª ed.
260 _aMéxico, D.F.
_bTrillas
_bCentro Regional de Ayuda Técnica
_c1973
300 0 _a174 p.
_bil.
500 0 _aIndice anlítico p. 173-174
650 4 _aTECNOLOGIA EDUCATIVA
650 4 _aMATERIAL DIDACTICO
650 4 _aRETROPROYECTORES
650 4 _aFRANELOGRAFOS
650 4 _aFOTOGRAFIA
650 4 _aGRABACIONES
650 4 _aPROYECTORES
700 1 _aBrash, Jorge
_etraductor
700 1 _aHuerta I., José
_erevisión
942 _cBK
998 _cCarmen
999 _c1749
_d1749